[Event "Prague Menchik Memorial Rapid"]
[Site "Prague"]
[Date "2021.09.28"]
[Round "8"]
[White "Hruska, Jan"]
[Black "Matveev, Artem"]
[Result "1-0"]
[WhiteElo "2144"]
[BlackElo "2035"]
[PlyCount "55"]
[EventDate "2021.09.28"]
[EventType "swiss (rapid)"]
[EventRounds "9"]
[EventCountry "CZE"]
[SourceTitle "CBM 204 Extra"]
[Source "ChessBase"]
[SourceDate "2021.11.30"]
[SourceVersion "1"]
[SourceVersionDate "2021.11.30"]
[SourceQuality "1"]

1. c4 e5 2. Nc3 d6 3. g3 g6 4. Bg2 Bg7 5. d3 f5 6. e4 Nf6 7. Nge2 0-0 8. 0-0 Nc6 9. h3 a5 10. Rb1 Be6 11. Nd5 Bxd5 12. cxd5 Ne7 13. f4 Kh8 14. b3 c6 15. dxc6 bxc6 16. Bb2 Ra7 17. fxe5 dxe5 18. Bxe5 Rd7 19. Nf4 fxe4 20. Ne6 Qc8 21. d4 Nf5 22. Nxg7 Rxg7 23. Qe2 Qd7 24. Rbd1 Kg8 25. g4 Nh4 26. Rxf6 Rxf6 27. Bxf6 Rf7 28. Bxh4 1-0

[Event "Mukachevo Christmas op U16"]
[Site "Mukachevo"]
[Date "2020.01.09"]
[Round "2"]
[White "Voytovych, Stanislav"]
[Black "Matveev, Artem"]
[Result "0-1"]
[WhiteElo "1402"]
[BlackElo "1995"]
[PlyCount "116"]
[EventDate "2020.01.09"]
[EventType "swiss"]
[EventRounds "9"]
[EventCountry "UKR"]
[SourceTitle "CBM 195 Extra"]
[Source "ChessBase"]
[SourceDate "2020.05.31"]
[SourceVersion "1"]
[SourceVersionDate "2020.05.31"]
[SourceQuality "1"]

1. e3 Nf6 2. Nf3 d5 3. Be2 c5 4. d4 Nc6 5. c3 e6 6. Nbd2 Qc7 7. b3 b6 8. Bb2 Bb7 9. c4 cxd4 10. Nxd4 Nxd4 11. Bxd4 dxc4 12. Nxc4 Bb4+ 13. Kf1 0-0 14. Rc1 Qe7 15. Bf3 Rfd8 16. Qe2 Rac8 17. Rd1 Ba6 18. g3 e5 19. Bb2 Rxd1+ 20. Qxd1 Bxc4+ 21. bxc4 Rxc4 22. Kg2 Rc8 23. Qb3 a5 24. Rd1 h6 25. Kg1 Rc7 26. Bg2 Rd7 27. Rc1 Rd2 28. a3 Bc5 29. a4 Ng4 30. Rf1 Qf6 31. Bc1 Rxf2 32. Qd3 Rxf1+ 33. Qxf1 Bxe3+ 34. Bxe3 Qxf1+ 35. Bxf1 Nxe3 36. Bd3 Kf8 37. Kf2 Nd1+ 38. Kf3 Nc3 39. Bc2 Ke7 40. Ke3 Kd6 41. Kd3 Nd5 42. Ke4 Ne7 43. g4 g6 44. Kd3 f5 45. gxf5 gxf5 46. Kc4 e4 47. Kd4 Nc6+ 48. Ke3 Ke5 49. Bd1 f4+ 50. Kd2 Kd4 51. Be2 f3 52. Bb5 e3+ 53. Ke1 Ne5 54. Kd1 Nd3 55. Bxd3 Kxd3 56. Ke1 e2 57. Kf2 Kd2 58. Kxf3 e1Q 0-1

[Event "UKR-ch U14"]
[Site "Chernivtsi"]
[Date "2017.02.09"]
[Round "10"]
[White "Matveev, Artem"]
[Black "Malyovanyi, Yulian"]
[Result "1/2-1/2"]
[WhiteElo "1963"]
[BlackElo "2027"]
[PlyCount "116"]
[EventDate "2017.02.01"]
[EventType "tourn"]
[EventRounds "11"]
[EventCountry "UKR"]
[SourceTitle "CBM 176 Extra"]
[Source "ChessBase"]
[SourceDate "2017.03.02"]
[SourceVersion "1"]
[SourceVersionDate "2017.03.02"]
[SourceQuality "1"]

1. e4 c5 2. Nf3 e6 3. d3 Nc6 4. g3 d5 5. Nbd2 Nf6 6. Bg2 Be7 7. 0-0 0-0 8. Re1 b5 9. e5 Nd7 10. Nf1 a5 11. h4 b4 12. Bf4 a4 13. a3 bxa3 14. bxa3 Nd4 15. N1h2 Ba6 16. Nd2 Rb8 17. Ra2 Qa5 18. Bf1 Rb7 19. Bg2 Rb6 20. Qg4 f5 21. exf6 Nxf6 22. Qd1 Bd6 23. Bxd6 Rxd6 24. Nhf3 Rb8 25. Nxd4 cxd4 26. Nf3 Qc3 27. Qa1 Rc8 28. Nxd4 Qxa1 29. Raxa1 Rc3 30. Bh3 Rb6 31. Bxe6+ Kf8 32. Bh3 g6 33. Re6 Rxe6 34. Bxe6 Ke7 35. Ra2 Bxd3 36. Bh3 Bc4 37. Ra1 Kd6 38. Re1 Ne4 39. Bg2 Nc5 40. Bf1 Bxf1 41. Kxf1 Rc4 42. Rd1 Ne4 43. Ke1 h6 44. Rd3 Nc5 45. Rd2 Ne4 46. Rd1 h5 47. Rd3 Nc5 48. Rd2 Ne4 49. Rd1 Nc3 50. Rd3 Nb1 51. Ne2 Rxc2 52. Nf4 Nc3 53. Nxg6 Kc5 54. Nf4 Kc4 55. f3 d4 56. Rd2 Rc1+ 57. Kf2 Nb1 58. Rxd4+ Kxd4 1/2-1/2

[Event "UKR-ch U14"]
[Site "Chernivtsi"]
[Date "2017.02.08"]
[Round "9"]
[White "Mosesov, Danylo"]
[Black "Matveev, Artem"]
[Result "0-1"]
[WhiteElo "1931"]
[BlackElo "1963"]
[PlyCount "56"]
[EventDate "2017.02.01"]
[EventType "tourn"]
[EventRounds "11"]
[EventCountry "UKR"]
[SourceTitle "CBM 176 Extra"]
[Source "ChessBase"]
[SourceDate "2017.03.02"]
[SourceVersion "1"]
[SourceVersionDate "2017.03.02"]
[SourceQuality "1"]

1. e4 Nf6 2. e5 Nd5 3. c4 Nb6 4. b3 g6 5. Bb2 Bg7 6. d4 d6 7. exd6 exd6 8. Nf3 0-0 9. Be2 Nc6 10. 0-0 Re8 11. Nbd2 Bf5 12. a3 Qd7 13. b4 Na4 14. b5 Nxb2 15. bxc6 bxc6 16. Qc1 Nd3 17. Bxd3 Bxd3 18. Re1 c5 19. Qc3 Bf5 20. Qa5 c6 21. Rad1 cxd4 22. Nf1 c5 23. Ng3 Bc2 24. Rxe8+ Rxe8 25. Re1 Rxe1+ 26. Nxe1 Bb3 27. Ne4 Bxc4 28. Nf3 Bd5 0-1

[Event "UKR-ch U14"]
[Site "Chernivtsi"]
[Date "2017.02.06"]
[Round "7"]
[White "Matveev, Artem"]
[Black "Medvedyk, Volodymyr"]
[Result "0-1"]
[WhiteElo "1963"]
[BlackElo "2049"]
[PlyCount "52"]
[EventDate "2017.02.01"]
[EventType "tourn"]
[EventRounds "11"]
[EventCountry "UKR"]
[SourceTitle "CBM 176 Extra"]
[Source "ChessBase"]
[SourceDate "2017.03.02"]
[SourceVersion "1"]
[SourceVersionDate "2017.03.02"]
[SourceQuality "1"]

1. e4 c5 2. Nf3 d6 3. d3 Nc6 4. Nbd2 g6 5. g3 Bg7 6. Bg2 e5 7. 0-0 Nge7 8. c3 0-0 9. a3 a5 10. a4 h6 11. Nc4 f5 12. Nfd2 g5 13. Qb3 Kh8 14. Nb6 Rb8 15. Nxc8 Qxc8 16. Nc4 Qc7 17. Qb6 Qd7 18. exf5 Nxf5 19. Nxa5 Nxa5 20. Qxa5 g4 21. Qb6 h5 22. f3 h4 23. fxg4 Nxg3 24. Re1 Qxg4 25. Be3 h3 26. Bd5 Ne4+ 0-1

[Event "UKR-ch U14"]
[Site "Chernivtsi"]
[Date "2017.02.05"]
[Round "6"]
[White "Malinovsky, Rostyslav"]
[Black "Matveev, Artem"]
[Result "1-0"]
[WhiteElo "2034"]
[BlackElo "1963"]
[PlyCount "89"]
[EventDate "2017.02.01"]
[EventType "tourn"]
[EventRounds "11"]
[EventCountry "UKR"]
[SourceTitle "CBM 176 Extra"]
[Source "ChessBase"]
[SourceDate "2017.03.02"]
[SourceVersion "1"]
[SourceVersionDate "2017.03.02"]
[SourceQuality "1"]

1. d4 Nf6 2. Nf3 e6 3. Bg5 d5 4. e3 Nbd7 5. Nbd2 h6 6. Bh4 Be7 7. Bd3 b6 8. 0-0 Bb7 9. c3 0-0 10. Qe2 c5 11. Ne5 a6 12. f4 Ne8 13. Bxe7 Qxe7 14. Rf3 Qd8 15. Rh3 f5 16. g4 Nxe5 17. fxe5 f4 18. Nf3 Nc7 19. Kh1 c4 20. Bc2 fxe3 21. Qxe3 Kf7 22. g5 hxg5 23. Nxg5+ Ke8 24. Nh7 Rg8 25. Rg1 Kd7 26. Rhg3 Kc6 27. Nf6 Rh8 28. Rxg7 Bc8 29. Rg8 Rxg8 30. Rxg8 Qe7 31. Qh6 Bd7 32. Rg7 Qf8 33. Qh7 Rd8 34. Rxd7 Rxd7 35. Qxd7+ Kb7 36. Qh7 a5 37. h4 b5 38. h5 b4 39. Bd1 bxc3 40. bxc3 Qa3 41. Qc2 Qf8 42. Qd2 Qg7 43. Qf4 Ne8 44. Nxe8 Qh7 45. Qf7+ 1-0

[Event "UKR-ch U14"]
[Site "Chernivtsi"]
[Date "2017.02.02"]
[Round "2"]
[White "Bilych, Olexiy"]
[Black "Matveev, Artem"]
[Result "1/2-1/2"]
[WhiteElo "2006"]
[BlackElo "1963"]
[PlyCount "157"]
[EventDate "2017.02.01"]
[EventType "tourn"]
[EventRounds "11"]
[EventCountry "UKR"]
[SourceTitle "CBM 176 Extra"]
[Source "ChessBase"]
[SourceDate "2017.03.02"]
[SourceVersion "1"]
[SourceVersionDate "2017.03.02"]
[SourceQuality "1"]

1. e4 c5 2. Nf3 d6 3. d4 cxd4 4. Nxd4 Nf6 5. f3 e5 6. Bb5+ Bd7 7. Bxd7+ Qxd7 8. Nf5 d5 9. Bg5 dxe4 10. Bxf6 Qxd1+ 11. Kxd1 gxf6 12. fxe4 Na6 13. Nc3 0-0-0+ 14. Ke2 Nc7 15. Raf1 Rg8 16. g3 Bb4 17. a3 Bxc3 18. Ne7+ Kd7 19. Nxg8 Rxg8 20. bxc3 Ke6 21. a4 Rc8 22. Rf3 Ne8 23. Rb1 b6 24. g4 Nd6 25. Rb4 Rg8 26. Rg3 h6 27. Kf2 Rg7 28. h3 Rg8 29. Rd3 Rc8 30. Kf3 Rc6 31. Rb1 Rc4 32. Rbd1 Rc6 33. h4 Ke7 34. c4 a5 35. c5 bxc5 36. Rb1 Nc4 37. Rb7+ Ke8 38. Ra7 Rb6 39. Ke2 Rc6 40. Rb3 Kf8 41. Rb8+ Kg7 42. Raa8 f5 43. g5 hxg5 44. hxg5 Kg6 45. Rh8 Kxg5 46. Rag8+ Rg6 47. exf5 Rxg8 48. Rxg8+ Kxf5 49. Rc8 Ke4 50. Rxc5 Kd4 51. Rc8 f5 52. Rb8 Kc3 53. Kd1 Kd4 54. Rb3 e4 55. Ke2 f4 56. c3+ Kc5 57. Rb5+ Kc6 58. Rf5 f3+ 59. Kf2 Nd2 60. Rh5 Nb1 61. c4 Nd2 62. Re5 Kb6 63. c5+ Kc6 64. Rf5 Nb3 65. Ke3 Nxc5 66. Kd4 Nxa4 67. Rxa5 Nb6 68. Kxe4 Nc4 69. Ra6+ Kc5 70. Rf6 Nd2+ 71. Kd3 Nb3 72. Rxf3 Nd4 73. Rh3 Ne6 74. Rh5+ Kd6 75. Ke4 Nc5+ 76. Kd4 Ne6+ 77. Kc4 Nf8 78. Rh6+ Ke5 79. Rh1 1/2-1/2